| 000 | 00687cam a22002411a 4500 | ||
|---|---|---|---|
| 001 | sa 63004914 | ||
| 003 | DLC | ||
| 005 | 20260227111952.0 | ||
| 008 | 891228s1962 ii b 000 0 hino | ||
| 010 | _asa 63004914 | ||
| 035 | _a(OCoLC)20831806 | ||
| 040 |
_aDLC _cWaU _dNSyU _dDLC |
||
| 042 | _apremarc | ||
| 043 | _aa-ii--- | ||
| 050 | 0 | 0 |
_aPK2903 _b.S53 |
| 100 | 1 |
_aŚāstrī, Haridatta, _d1905- |
|
| 245 | 1 | 0 |
_aSaṃskr̥ta-kāvyakāra. _clekhaka Haridatta Śāstrī. |
| 260 |
_aMeraṭha _bSāhitya Bhaṇḍāra _c[1962] |
||
| 300 |
_a596 p. _c23 cm. |
||
| 500 | _aIn Hindi. | ||
| 504 | _aBibliographical footnotes. | ||
| 650 | 0 |
_aSanskrit literature _xHistory and criticism. |
|
| 999 |
_c55923 _d55923 |
||